000 00818nam a22003130a 4500
001 PT62364
003 AR-LpoUNG
005 20210131232106.0
008 191001s2015||||ne |||||||||||||||||eng d
020 _a9789004290358
_c$54.46
040 _aAR-LpoUNG
_bspa
_cAR-LpoUNG
_eaacr
041 _aeng
044 _ane
082 0 _a428 281lea
100 1 _aDeane, Mary
_eed.
245 1 0 _aLearning and teaching writing online :
_bstrategies for success
250 _a1ra. ed.
260 _aLeiden :
_bBrill,
_c2015.
300 _aviii, 199 p. :
_bil., tbls., gráfs.
650 4 _aAPRENDIZAJE
650 4 _aENSEÑANZA POR MULTIMEDIOS
650 4 _aESCRITURA
650 4 _aLECTURA
650 4 _aLENGUA INGLESA
650 4 _aRETORICA
700 1 _aGuasch, Teresa
_eed.
905 _a62364
942 _cLIB
999 _c13728
_d13728